| 000 | 00789cam a22002411 4500 | ||
|---|---|---|---|
| 001 | he 68001069 | ||
| 003 | DLC | ||
| 005 | 20260227111456.0 | ||
| 008 | 870507s1967 is b 000 0bhebr | ||
| 010 | _ahe 68001069 | ||
| 035 | _a(OCoLC)15645456 | ||
| 040 |
_aDLC _cTxU _dTxU _dNSbSU _dDLC |
||
| 042 | _apremarc | ||
| 050 | 0 | 0 |
_aPJ5053 _b.F4 1967 |
| 100 | 1 |
_aFeuerberg, Mordecai Zeʼev, _d1874-1899. |
|
| 245 | 1 | 0 |
_aMordekhai Zeʼev Faierberg; _bha-sofer ve-yetsirato. _cLiket ve-hosif mavo, hesberim ve-bibliografyah, Adir Kohen. |
| 260 |
_aTel-Aviv, _bA. Zalkovits _c[1967] |
||
| 300 |
_a144 p. _c22 cm. |
||
| 490 | 0 | _aSifriyat ha-sekhel | |
| 504 | _aBibliography: p. 143-144. | ||
| 505 | 0 | _aLe-an.--ha-Tselalim.--Ba-ʻerev.--ha-Ḳamiʻa.--ha-ʻEgel. | |
| 700 | 1 |
_aCohen, Adir, _eed. |
|
| 999 |
_c33188 _d33188 |
||